|
|
|
|
| LEADER |
00831nam a2200193 a 4500 |
| 001 |
00025309 |
| 008 |
120604s2011 bg 000 1 ben |
| 020 |
|
|
|a 984150302
|
| 040 |
|
|
|a BD-DhAAL
|c BD-DhAAL
|
| 082 |
0 |
0 |
|a 891.44371
|2 22
|
| 100 |
1 |
|
|a বন্দ্যোপাধ্যায়, বিভূতিভূষণ
|
| 245 |
1 |
0 |
|a পথের পাঁচালী /
|c বিভূতিভূষণ বন্দ্যোপাধ্যায়
|
| 260 |
|
|
|a ঢাকা :
|b অবসর,
|c c২০১১
|
| 300 |
|
|
|a ১০৭ পৃ. ;
|c ২২ সে.মি.
|
| 541 |
|
|
|e 00025309
|
| 650 |
|
0 |
|a Bangladesh
|v Fiction.
|
| 852 |
4 |
|
|a Ayesha Abed Library
|j General shelf.
|
| 999 |
|
|
|c 12363
|d 12363
|
| 952 |
|
|
|0 0
|1 0
|2 ddc
|4 0
|6 891_443710000000000_BAN
|7 0
|9 20441
|a BDI
|b BDI
|d 2012-06-05
|l 0
|o 891.44371 BAN
|p 3050025309
|r 2012-06-05
|t 1
|w 2012-06-05
|y BK
|x Available
|